| 000 | 00863nam a2200229 u 4500 | ||
|---|---|---|---|
| 001 | 000643222 | ||
| 003 | AM-YeHGA | ||
| 005 | 20250617140909.0 | ||
| 008 | 090318s1963 |||| |||||||||||||rus d | ||
| 040 | _aAM-YeHGA | ||
| 041 | 0 | _arus | |
| 245 | 1 | 0 |
_aЗаписки : _bПисьма / _cИ.И. Горбачевский; Изд. подгот. Б.Е. Сыроечковский, Л.А. Сокольский, И.В. Перех. |
| 260 |
_aМосква : _bАН СССР, _c1963. |
||
| 300 |
_a354 с. : _bил. ; _c22 см. |
||
| 440 | 0 | _aЛитературные памятники | |
| 504 | _aБиблиогр. : с.345-353 | ||
| 650 | 1 | 4 |
_aИстория _zСССР |
| 700 | 1 |
_aСыроечковский, Б.Е _eсост. _4com |
|
| 700 | 1 |
_aСокольский, Л.А. _eсост. _4com |
|
| 700 | 1 |
_aПерех, И.В. _eсост. _4com |
|
| 090 | _c230314 | ||
| 999 |
_c228767 _d228767 |
||